000 00740nam a22002537a 4500
999 _c44344
_d44344
001 17697
003 CO-MdFUSB
005 20170822091855.0
008 170822t2008 s ||||| |||| 00| 0 s d
020 _a978-84-330-2227-1
040 _aCO-MdFUSB
_bspa
_cCO-MdFUSB
_dCO-MdFUSBC
_erda
041 _aspa
082 0 4 _aG 222.147 V323n
100 1 _aVaro, Francisco
_eautor
245 0 _aNúmeros
_c/ Francisco Varo
264 4 _aBilbao, España :
_b Desclée de Brouwer,
_c©2008
300 _a240 p.
336 _2rdacontent
_a1
_ba1
337 _2rdamedia
_a2
_b5
338 _2rdacarrier
_a2
_b5
505 0 0 _aLa generación que salió de Egipto -- La nueva generación
653 _aBiblia A.T. - Números - Comentarios
942 _cBK